Entities Ending with “stan” - Statistics

General Stats
  • This quiz has been taken 11 times
  • The average score is 10 of 100
Answer Stats
Location Entity “Country/Subdivision on this list” % Correct
Central Asia {Paki}stan
89%
Central Asia {Turkmeni}stan
89%
Central Asia {Uzbeki}stan
89%
Central Asia {Afghani}stan
78%
Central Asia {Kazakh}stan
78%
Central Asia {Kyrgyz}stan
78%
Central Asia {Tajiki}stan
78%
Subdivision of many other countries {Kurdi}stan
56%
Subdivision of Russia {Dage}stan
33%
Subdivision of Russia {Tatar}stan
33%
The “metaphorical country” of the autistic people {Auti}stan
22%
Subdivision of another country on this list {Balochi}stan Pakistan
22%
A region of northern (another country on this list) of Dardu speakers {Dardi}stan Pakistan
22%
A derogatory word for a European country due to its growing immigration from Islamic countries. It is sometimes used by internet users to attack or offend the Muslims {Swedi}stan
22%
Sometimes used to satirically describe a country where everything goes wrong {Absurdi}stan
11%
A northern region of another country on this list {Balti}stan Pakistan
11%
Apartheid-era South African and South West African black ‘homeland’ {Bantu}stan
11%
Subdivision of Russia {Bashkorto}stan
11%
A moniker for Bradford, England, owning to its large population of Pakistani worker migrants {Bradi}stan
11%
Epithet for Canada, used by Pat Buchanan on 31 October 2002, on his television show on MSNBC in which he denounced Canadians as anti-American and the country as a haven for terrorists. He was reacting to Canadian criticisms of US security measures regarding Arab Canadians {Canucki}stan
11%
Bangladesh under another country on this list {East Paki}stan Pakistan
11%
A region dominated by Uyghurs, located in northwest China {East Turke}stan
11%
Subdivision of another country on this list Gilgit-{Balti}stan Pakistan
11%
Subdivision of another country on this list {Karakalpak}stan Uzbekistan
11%
A proposed country for the Sikh people {Khali}stan
11%
Subdivision of Iran {Khuze}stan
11%
French counter-terrorism agents gave the British/English capital this sobriquet. Sometimes used to derogatorily to refer to the large immigrant, especially Muslim {Londoni}stan
11%
A derogatory term for Hungary under the rule of Viktor {Orbáni}stan
11%
The area of (another country on this list) and North-Western (a different country on this list) historically inhabited by the tribes of this area {Pashtuni}stan
11%
A term coined by Barbara Kay in 2006 in reference to the french speaking province in Canada {Quebeci}stan
11%
A proposed country for the people mainly in Bulgaria, Hungary, North Macedonia, Romania, Serbia and Slovakia {Romani}stan
11%
A name for the country of another country in this list under the Taliban {Talibani}stan Afghanistan
11%
City of another country on this list {Turki}stan Kazakhstan
11%
Subdivision of another country on this list {Ajri}stan Afghanistan
0%
A micronation that claims garbage patches in international waters {Angyali}stan
0%
Subdivision of Iran {Arde}stan
0%
Subdivision of another country on this list {Arghi}stan Afghanistan
0%
A name for the Kingdom of Nepal {Asal Hindu}stan
0%
Subdivision of Babylonia under the Sassanid Empire {Asori}stan
0%
Subdivision of Armenia {Ayge}stan
0%
Short-lived state in the Iranian province of Azarbaijan under Mohammad Khiabani {Azadi}stan
0%
Sarcastic term for Greece following out the European Union bail out packages, coined by Yanis Varoufakis in his book ‘Adults in the Room: My Battle With the European and American Deep Establishment’ {Bailouti}stan
0%
Subdivision of Iran {Baje}stan
0%
A proposed state in India {Bangali}stan
0%
National-territorial autonomy, during the Russian Civil War {Bashkurdi}stan
0%
A kind of hospital in medieval Persia and the medieval Islamic world {Bimari}stan
0%
Subdivision of Armenia {Bura}stan
0%
Subdivision of Iran {Chame}stan
0%
Subdivision of Iran {Dashte}stan
0%
A Sassanian subdivision {Dihi}stan
0%
Subdivision of Armenia {Dzora}stan
0%
Subdivision of Turkey {Elbi}stan
0%
A film production company {Filmi}stan
0%
An early medieval settlement and Buddhist monastery in (another country on this list) {Fonduki}stan Afghanistan
0%
A historical term used (by Muslims and Persians in particular) to refer to Western or Christian Europe {Frangi}stan
0%
A historical empire ubicated in modern-day Sudan {Funji}stan
0%
Name of a momument commemorating the historical Battle of Kosovo {Gazime}stan
0%
A medieval region of another country on this list {Gharchi}stan Afghanistan
0%
Town of Azerbaijan {Gobu}stan
0%
Subdivision of Iran {Gole}stan
0%
Subdivision of another country on this list {Guli}stan Afghanistan
0%
A concept of a Palestinian Islamic government with Sharia as law {Hama}stan
0%
Satirical name of Melbourne, Victoria, due to the large number of hook turns on city roads {Hookturni}stan
0%
A psuedo-orientalist mansion built for P. T. Barnum in 1848 in Connecticut {Irani}stan
0%
Subdivision of Iran {Jove}stan
0%
A historical name of the territory centered around present-day (capital of another country) province of (the country that owns the province) {Kabuli}stan Afghanistan
0%
Historic region in (another country on this list) until 1896, now known as a subdivision of the country {Kafiri}stan Afghanistan
0%
Subdivision of Iran {Khalaje}stan
0%
Subdivision of another country on this list {Kohi}stan Afghanistan
0%
Subdivision of Iran {Lare}stan
0%
A historical and cultural region of the Caucasus and Anatolia, traditionally inhabited by the people of this region {Lazi}stan
0%
Ethnolinguistic region in southern (Russian subdivision on this quiz) and northern Azerbaijan {Lezgi}stan Dagestan
0%
Subdivision of another country on this list {Mali}stan Afghanistan
0%
A proposed name for a Lebanese state during the Lebanese Civil War {Maroni}stan
0%
Subdivision of Iran {Mehre}stan
0%
A historical area in Central Asia that included parts of modern-day Xinjiang (and 2 other countries in this quiz) {Moghuli}stan
0%
Subdivision of Armenia {Mrga}stan
0%
A complex of streets and shops in the Christian Quarter of the Old City of Jerusalem {Muri}stan
0%
The title of a cover art for the 10 December 2001, edition of a magazine {New Yorki}stan
0%
Subdivision of another country on this list {Nuri}stan Afghanistan
0%
A community of people in Minneapolis-Saint Paul in Minnesota {Pagani}stan
0%
Subdivision of Iran {Parche}stan
0%
A region in western Khyber Pakhtunkhwa {Qabaili}stan
0%
A region of medieval Persia, essentially the southern part of Greater Khorasan {Quhi}stan
0%
Subdivision of another country on this list {Raghi}stan Afghanistan
0%
Historic site in Samarkand {Regi}stan
0%
Subdivision of another country on this list, but also a proposed province in the same country {Sairaiki}stan Pakistan
0%
A historical and geographical region in present-day eastern Iran (Sistan and Baluchestan Province) and southern (another country in this list) {Saka}stan Afghanistan
0%
Subdivision of Iran {Sarve}stan
0%
An underground space, usually found in the traditional architecture of mosques, houses and schools in ancient Persia {Shabe}stan
0%
Subdivision of Iran {Si}stan and {Baluche}stan
0%
A skateboarding/educational organization based in the capital of another country on this list {Skatei}stan Kabul, Afghanistan
0%
A historical mountainous region located on the Caspian coast of Northern Iran {Tabari}stan
0%
Subdivision of Iran {Take}stan
0%
Ethnolinguistic region in the Southeastern Caucasus and Northwestern Iran {Talysh}stan
0%
Subdivision of Iran {Tange}stan
0%
A region of northwest (another country on this list) {Waziri}stan Pakistan
0%
A historical region roughly corresponding to today’s (another country on this list)’s province {Zabuli}stan Afghanistan
0%
A micronation currently in Nevada {Zaqi}stan
0%
A suggested name for the region where people usually in Eastern Turkey live {Zazai}stan
0%
No matching quizzes found
Score Distribution
Percent of People with Each Score
Percentile by Number Answered
Your Score History
You have not taken this quiz